Les 15 plus hauts sommets de la Vanoise - Statistiques

Statistiques générales
  • Ce quiz a été pris 37 fois
  • Le résultat moyen est 7 sur 15
Statistiques - réponses
Altitude Sommet % Correct
3855 Grande Casse
89%
3779 Mont Pourri
78%
3695 Dent Parrachée
67%
3653 Grande Motte
61%
3562 Aiguille de Péclet
56%
3599 Dôme de l'Arpont
56%
3528 Aiguile de Polset
50%
3586 Dôme de Chasseforêt
50%
3588 Dôme de la Sache
33%
3783 Pointe Mathews
33%
3582 Grand roc Noir
28%
3562 Dôme des Nants
22%
3646 Mont Turia
22%
3642 Pointe de la Fournache
17%
3539 Pointe du Vallonnet
17%
Aucun quiz correspondant
Distribution des résultats
% des personnes avec chaque résultat
Percentile par nombre de réponses
Votre historique - résultats
Vous n’avez pas pris ce quiz